01590 a2200289 45000010006000000050017000060080041000230030015000640400040000790800042001192450055001610200018002162640051002343000019002855050769003040410008010731000025010817000029011067000019011357000020011547000020011747000021011947000019012157000021012347000025012557000020012805769720260407155836.0260407a2005 arg spa dAR-UNSa-BCEJYS aAR-UNSa-BCEJYSbspacAR-UNSa-BCEJYS a336.13xFinanzas del sector público10aLa recuperación del sistema financiero argentino a987-22571-0-8 1aBuenos Aires :bGrupo Sol Comunicacionesc2005 a206 p.c22 cm. a1. La superación de la crisis bancaria de 2001-2002 y perspectivas de la actividad financiera / Augusto C. Magliano – 2. La recuperación del sistema financiero post-crisis / Miguel Ángel Arrigoni – 3. Los desafíos del sistema financiero / Carlos Heller – 4. El sistema bancario luego de la crisis / Douglas Elespe – 5. La política monetaria de la post-convertibilidad / Augusto C. Magliano – 6. Fortalecimiento del sistema financiero / Gregorio Goity – 7. Público y eficiente / Daniel Perrotta – 8. El caso del Banco Itaú / Rodolfo Corvi – 9. Claros indicadores de un desempeño favorable / Carlos Heller – Leonardo Bleger – 10. Recuperación de la crisis 2001/2002 / Gabriel Coqueugniont – 11. Banco Columbia / Roberto Varela aspa1 aMagliano, Augusto C.1 aArrigoni, Miguel Ángel1 aHeller, Carlos1 aElespe, Douglas1 aGoity, Gregorio1 aPerrotta, Daniel1 aCorvi, Rodolfo1 aBleger, Leonardo1 aCoqueugniot, Gabriel1 aVarela, Roberto